| 000 | 01639nam0a2200337 4500 | ||
|---|---|---|---|
| 001 | RU\NLR\bibl\962163 | ||
| 005 | 20260405154747.0 | ||
| 010 |
_a5-289-02283-X _bВ пер. _915050 |
||
| 021 |
_aRU _b2006-24297 _91210 |
||
| 035 | _a(nilc)RSL-KNO-002879140 | ||
| 035 | _a(NLR Aleph) 000950187 | ||
| 090 |
_a274760 _c274760 |
||
| 100 | _a20060505d2006 |||y0rusy50 ca | ||
| 101 | 0 | _arus | |
| 102 | _aRU | ||
| 105 | _ay ||||||||| | ||
| 106 | _ar | ||
| 200 | 1 |
_aТигровый бальзам _e[старинные и современные методы лечения _fподгот. текста Валерия Морева] |
|
| 210 |
_aСанкт-Петербург _cЛениздат _d2006 _eСПб. _gИПК Лениздат |
||
| 215 |
_a125, [2] с. _d21 |
||
| 606 | 1 |
_aБальзамы _xЛечебное применение _92164692 _3RU\NLR\auth\661302553 |
|
| 610 | 0 | _aЗдравоохранение. Медицинские науки -- Фармакология. Фармация. Токсикология -- Фармакология -- Здравоохранение. Медицинские науки -- Фармакология. Фармация. Токсикология -- Фармакология -- Продукты переработки нефти. Минеральные масла. Бальзамы | |
| 686 |
_aР281.813.3,0 _2rubbk |
||
| 686 | _aР282.522 | ||
| 702 | 1 |
_4220 _7ca _8rus _aМорева _bВ. _gВалерия _948599 _3RU\NLR\auth\7765670 |
|
| 801 | 0 |
_aRU _bРКП _c20060505 _grcr |
|
| 801 | 1 |
_aRU _bРГБ _c20060505 |
|
| 801 | 2 |
_aRU _bNLR _c20060628 _grcr |
|
| 942 | _cBOOK | ||
| 980 | _aNB | ||